000
00208nam a22000977a 4500
999
_c
168051
_d
168051
082
_a
_b
245
_a
Samachar sankalpna aavam anuvad/
260
_a
New Delhi:
_b
Jawahar,
_c
2008.
650
_a
942
_c
BK